Neighborhood Facility Vol. 8 (Record no. 14217)

000 -LEADER
fixed length control field 00344nam a2200133Ia 4500
008 - FIXED-LENGTH DATA ELEMENTS--GENERAL INFORMATION
fixed length control field 260210s9999 xx 000 0 und d
020 ## - INTERNATIONAL STANDARD BOOK NUMBER
International Standard Book Number 9791189659486
082 ## - DEWEY DECIMAL CLASSIFICATION NUMBER
Classification number 721 CHO
100 ## - MAIN ENTRY--PERSONAL NAME
Personal name Archi-Lab Editorial Team / Cho Bae-Yeon
245 #0 - TITLE STATEMENT
Title Neighborhood Facility Vol. 8
260 ## - PUBLICATION, DISTRIBUTION, ETC. (IMPRINT)
Name of publisher, distributor, etc Archi-Lab, Seou
300 ## - PHYSICAL DESCRIPTION
Extent 2023
942 ## - ADDED ENTRY ELEMENTS (KOHA)
Item type B.PLAN
Source of classification or shelving scheme
Holdings
Withdrawn status Lost status Source of classification or shelving scheme Damaged status Koha normalized classification for sorting Not for loan Permanent location Current location Shelving location Date acquired Full call number Barcode Date last seen Price effective from Koha item type
        721_000000000000000_CHO   BMS College of Architecture, Design and Planning BMS College of Architecture, Design and Planning General Stacks 2025-12-03 721 CHO AR-UG5073 2026-02-10 2026-02-10 B.PLAN
Copyright © 2025, The Librarian, Library and Information Centre, BMSCA D&P, Bengaluru. All Rights Reserved
web counter

Powered by Koha